| 000 | 01687cam a22004817a 4500 | ||
|---|---|---|---|
| 001 | 000092566 | ||
| 003 | CHAP | ||
| 005 | 20240503114704.0 | ||
| 008 | 041116d2004 mx r 00110 spa d | ||
| 010 | _a89032 | ||
| 011 | _a90004 | ||
| 035 | _a100560 | ||
| 040 | _cCHAP | ||
| 090 | _aTesis | ||
| 100 | 0 | 0 |
_aRamírez Romero, Ma. Alicia. _994243 |
| 245 | 1 | 0 |
_aProductividad económica relativa de carne, leche y huevo en Mapimí, Dgo. 1990-2002 / _c/por Ma. Alicia Ramírez Romero. |
| 260 |
_aChapingo, Méx. : _bEl autor, _c2004. |
||
| 300 |
_a120 h. ; : _bcuadros ; gráfs. |
||
| 502 | _aTesis (Ing. Agr. en Sistemas Pecuarios de Zonas Aridas) --UACH. Unidad Regional Universitaria de Zonas Aridas | ||
| 590 |
_aALEPH _b10 _c20130110 |
||
| 590 |
_aBATCH-UPD _b10 _c20130110 |
||
| 590 |
_aBATCH-UPD _b10 _c20130110 |
||
| 590 |
_aBATCH-UPD _b10 _c20130410 |
||
| 590 |
_aBATCH-UPD _b10 _c20130914 |
||
| 590 |
_aBATCH-UPD _b10 _c20140324 |
||
| 590 |
_aBATCH-UPD _b10 _c20141002 |
||
| 590 |
_aCONVERSION _b10 _c20130109 |
||
| 590 |
_aE12093SGE _b10 _c20130621 |
||
| 650 | 1 | 4 |
_aCarne _xProducción. _919109 |
| 650 | 1 | 4 | _aDesarrollo económico. |
| 650 | 1 | 4 |
_aDurango _xCondiciones económicas. |
| 650 | 1 | 4 |
_aGanado de carne _xProducción. _945104 |
| 650 | 1 | 4 |
_aGanado lechero _xProducción. _945288 |
| 650 | 1 | 4 |
_aHuevos _xProducción. _956759 |
| 650 | 1 | 4 |
_aLeche _xProducción. _965400 |
| 856 |
_uhttp://10.13.5.2/tesis/100560.pdf _zDESCARGAR PDF |
||
| 901 | _aBK | ||
| 905 | _aAlejandra Carrasco M. | ||
| 942 |
_cCD _2ddc |
||
| 942 |
_n0 _2ddc |
||
| 949 |
_aTesis _bBC _cTES _d1005601 _eTS1 _h42645 _i100560 _sb |
||
| 949 |
_aTesis _bBC _cTES _d33724000796264 _eTS2 _fc.2 _h42646 _i100560 _sb |
||
| 999 |
_c89032 _d89032 |
||